000 00437nam a2200169 a 4500
005 20140310183200.0
008 021127s19uu xx 00 eng d
020 _a037311060
050 _aPZ 7
_b.M478 1988
100 _aMcallister, Anne.
245 _aTo Tame a Wolf /
_cAnne Mcallister.
260 _aToronto ;
_bHarlequin Books,
_c1988.
300 _a189 p. :
_c17 cm.
650 _aFiction.
942 _cBK
_2lcc
999 _c19848
_d19848